58 clubs Allemands en 2018-2019 - Statistiques

Statistiques générales
  • Ce quiz a été pris 120 fois
  • Le résultat moyen est 26 sur 58
Statistiques - réponses
Ligue Club % Correct
Bundesliga Borussia Dortmund
97%
Bundesliga Bayern Munich
94%
Bundesliga 2 Hambourg SV
88%
Bundesliga RB Leipzig
88%
Bundesliga Hertha BSC Berlin
87%
Bundesliga 2 1. FC Cologne
86%
Bundesliga FC Schalke 04
85%
Autre club historique Lokomotiv Leipzig
85%
Bundesliga Eintracht Francfort
83%
Bundesliga Bayer Leverkusen
81%
Bundesliga Werder Breme
80%
Bundesliga Borussia Monchengladbach
78%
Bundesliga VfB Stuttgart
77%
Bundesliga VfL Wolfsbourg
76%
Bundesliga 1. FC Nuremberg
72%
Bundesliga Hanovre 96
71%
Bundesliga 1. FSV Mayence 05
69%
Bundesliga 2 SG Dynamo Dresde
68%
Bundesliga 2 1. FC Union Berlin
66%
Liga 3 TSV 1860 Munich
66%
Bundesliga TSG 1899 Hoffenheim
65%
Bundesliga Fortuna Dusseldorf
59%
Bundesliga FC Augsbourg
57%
Liga 3 FC Kaiserslautern
56%
Bundesliga 2 Holstein Kiel
56%
Bundesliga SC Fribourg
55%
Bundesliga 2 FC Sankt Pauli
46%
Bundesliga 2 MSV Duisbourg
45%
Bundesliga 2 VfL Bochum
45%
Liga 3 FC Hansa Rostock
43%
Bundesliga 2 FC Magdebourg
43%
Bundesliga 2 DSC Arminia Bielefeld
36%
Bundesliga 2 SpVgg Greuther Furth
36%
Bundesliga 2 SV Darmstadt 98
36%
Bundesliga 2 SC Paderborn 07
33%
Bundesliga 2 FC Ingolstadt 04
32%
Liga 3 Eintracht Brunswick
31%
Bundesliga 2 1. FC Heidenheim 1846
30%
Liga 3 FC Energie Cottbus
27%
Liga 3 VfL Osnabruck
20%
Bundesliga 2 SV Sandhausen
19%
Liga 3 SV Wehen Wiesbaden
16%
Liga 3 Karlsruher SC
14%
Bundesliga 2 SSV Jahn Ratisbonne
13%
Bundesliga 2 FC Erzgebirge Aue
12%
Liga 3 FSV Zwickau
12%
Liga 3 Hallescher FC
10%
Liga 3 KFC Uerdingen 05
9%
Liga 3 FC Wurzburger Kickers
7%
Liga 3 SpVgg Unterhaching
6%
Liga 3 SV Meppen
6%
Liga 3 SC Fortuna Cologne
5%
Liga 3 SG Sonnenhof Grossaspach
4%
Autre club historique BFC Dynamo Berlin
3%
Liga 3 Sportfreunde Lotte
3%
Liga 3 VfR Aalen
2%
Liga 3 FC Carl Zeiss léna
1%
Liga 3 SC Preuben Munster
1%
Aucun quiz correspondant
Distribution des résultats
% des personnes avec chaque résultat
Percentile par nombre de réponses
Votre historique - résultats
Vous n’avez pas pris ce quiz